| 000 | 00434nam a2200181Ia 4500 | ||
|---|---|---|---|
| 001 | 17597 | ||
| 005 | 20260306171529.0 | ||
| 008 | 260306s9999||||xx |||||||||||||| ||und|| | ||
| 041 | _aESP | ||
| 082 |
_a658.1 _bA32 |
||
| 100 |
_aAguirre Sánchez, Miguel Ángel _eAUT |
||
| 245 | 0 | _aDirigir y motivar equipos | |
| 260 | _c2019 | ||
| 300 |
_a210 páginas : _c23 cm. |
||
| 650 | _aGEN | ||
| 654 | _aCAN | ||
| 942 |
_cLIB _dJUS _fJUS _2ddc _n |
||
| 999 |
_c17597 _d17597 |
||